Top 18 des clubs de foot avec le plus d'abonnés Instagram - Statistiques

Statistiques générales
  • Ce quiz a été pris 208 fois
  • Le résultat moyen est 14 sur 18
Statistiques - réponses
Nombre d'abonnés (Millions) Club % Correct
132 FC Barcelone
100%
169 Real Madrid
100%
63.3 Paris Saint Germain
98%
16.6 AC Milan
96%
42.6 Bayern Munich
96%
55 Manchester City
96%
64.3 Manchester United
96%
17.2 Inter Milan
93%
60.4 Juventus FC
93%
20.9 Borussia Dortmund
91%
42.4 Chelsea FC
91%
45.9 Liverpool FC
91%
30 Arsenal FC
86%
17.6 Atletico Madrid
77%
17.1 Tottenham Hotspur
64%
27.2 Al-Nassr
38%
16.4 Galatasaray SK
26%
20.9 Flamengo
6%
Aucun quiz correspondant
Distribution des résultats
% des personnes avec chaque résultat
Percentile par nombre de réponses
Votre historique - résultats
Vous n’avez pas pris ce quiz